Dies Irae (Record no. 27291)
[ view plain ]
| 000 -LEADER | |
|---|---|
| fixed length control field | 00601nam a2200133Ia 4500 |
| 008 - FIXED-LENGTH DATA ELEMENTS--GENERAL INFORMATION | |
| fixed length control field | 220620s9999||||xx |||||||||||||| ||und|| |
| 100 ## - MAIN ENTRY--PERSONAL NAME | |
| Personal name | Nancy , Jean-Luc |
| 245 #0 - TITLE STATEMENT | |
| Title | Dies Irae |
| 546 ## - LANGUAGE NOTE | |
| Language note | English[eng] |
| 650 ## - SUBJECT ADDED ENTRY--TOPICAL TERM | |
| Topical term or geographic name entry element | law||judgement||justice||normativity||Kant||reason |
| 700 ## - ADDED ENTRY--PERSONAL NAME | |
| Personal name | Condello, Angela||Grassi , Carlo||Philippopoulos-Mihalopoulos , Andreas |
| 856 ## - ELECTRONIC LOCATION AND ACCESS | |
| Uniform Resource Identifier | <a href="https://library.oapen.org/bitstream/20.500.12657/24806/1/dies-irae.pdf||https://library.oapen.org/bitstream/20.500.12657/24806/1/dies-irae.pdf||https://library.oapen.org/bitstream/20.500.12657/24806/1/dies-irae.pdf">https://library.oapen.org/bitstream/20.500.12657/24806/1/dies-irae.pdf||https://library.oapen.org/bitstream/20.500.12657/24806/1/dies-irae.pdf||https://library.oapen.org/bitstream/20.500.12657/24806/1/dies-irae.pdf</a> |
| 942 ## - ADDED ENTRY ELEMENTS (KOHA) | |
| Koha item type | E-Books |
| Withdrawn status | Lost status | Damaged status | Not for loan | Home library | Current library | Date acquired | Total Checkouts | Date last seen | Price effective from | Koha item type |
|---|---|---|---|---|---|---|---|---|---|---|
| Kerala University of Digital Sciences, Innovation and Technology Knowledge Centre | Kerala University of Digital Sciences, Innovation and Technology Knowledge Centre | 20/06/2022 | 20/06/2022 | 20/06/2022 | E-Books |